Normal view
MARC view
- MS Ideal Expert Services
Entry Personal Name
001 - CONTROL NUMBER
- control field: 26593
003 - CONTROL NUMBER IDENTIFIER
- control field: NUST
005 - DATE AND TIME OF LATEST TRANSACTION
- control field: 20191209120240.0
008 - FIXED-LENGTH DATA ELEMENTS
- fixed length control field: 191209|| aca||aabn | a|a d
040 ## - CATALOGING SOURCE
- Original cataloging agency: NUST
- Transcribing agency: NUST
100 ## - HEADING--PERSONAL NAME
- Personal name: MS Ideal Expert Services
670 ## - SOURCE DATA FOUND
- Source citation: Work cat.: (NUST): MS Ideal Expert Services, Final Report - Rev-01 : , c2016
